Statystyki dla Liczby 1-50 w 15 sekund

Kliknij tutaj aby rozwiązać quiz!

Ogólne statystyki

  • Ten quiz został rozwiązany 39 435 razy
    (39 368 od ostatniego zresetowania)
  • Średni wynik to 20 z 50

Statystyki odpowiedzi

Number% Poprawnych
1
100%
2
99%
3
98%
4
97%
5
96%
6
95%
7
94%
8
93%
9
92%
10
86%
11
84%
12
81%
13
79%
14
77%
15
74%
16
72%
17
69%
18
66%
19
62%
20
53%
21
47%
22
41%
23
36%
24
33%
25
30%
26
28%
27
25%
28
23%
29
20%
30
15%
31
12%
32
10%
33
8%
34
7%
35
6%
36
5%
37
5%
38
4%
39
3%
40
3%
41
2%
42
2%
43
1%
44
1%
45
1%
46
1%
47
1%
48
1%
50
1%
49
0%

Rozkład punktacji

Percentyl według liczby udzielonych odpowiedzi

Procent ludzi z każdym wynikiem

Twoja historia wyników

Nie rozwiązałeś tego quizu od ostatniego zresetowania